| 000 -LEADER |
| fixed length control field |
00645cam a22002058i 4500 |
| 001 - CONTROL NUMBER |
| control field |
19358821 |
| 003 - CONTROL NUMBER IDENTIFIER |
| control field |
GE_BSU |
| 005 - DATE AND TIME OF LATEST TRANSACTION |
| control field |
20221108165340.0 |
| 008 - FIXED-LENGTH DATA ELEMENTS--GENERAL INFORMATION |
| fixed length control field |
161031t20172016enk b 001 0 eng c |
| 020 ## - INTERNATIONAL STANDARD BOOK NUMBER |
| International Standard Book Number |
9781107175563 x |
| 041 ## - LANGUAGE CODE |
| Language code of text/sound track or separate title |
eng |
| 080 ## - UNIVERSAL DECIMAL CLASSIFICATION NUMBER |
| Universal Decimal Classification number |
621.396 C-69 |
| 100 1# - MAIN ENTRY--PERSONAL NAME |
| Personal name |
Coleman, Christopher |
| Dates associated with a name |
|
| 9 (RLIN) |
9154 |
| 245 10 - TITLE STATEMENT |
| Title |
Analysis and modeling of radio wave propagation / |
| Statement of responsibility, etc. |
Christopher John Coleman, University of Adelaide. |
| 264 #4 - PRODUCTION, PUBLICATION, DISTRIBUTION, MANUFACTURE, AND COPYRIGHT NOTICE |
| Date of production, publication, distribution, manufacture, or copyright notice |
[2017]. |
| Place of production, publication, distribution, manufacture |
New York, NY : |
| Name of producer, publisher, distributor, manufacturer |
Cambridge University Press, |
| 300 ## - PHYSICAL DESCRIPTION |
| Extent |
287p.; |
| Other physical details |
25 cm. |
| 653 ## - INDEX TERM--UNCONTROLLED |
| keyword |
ელექტრომაგნეტიზმი |
| 653 ## - INDEX TERM--UNCONTROLLED |
| keyword |
რადიო |
| 942 ## - ADDED ENTRY ELEMENTS (KOHA) |
| Source of classification or shelving scheme |
|
| Koha item type |
წიგნი |